Kriegserfahrungen. - Paderborn [u.a.] : Schöningh. - 2009 [Rezension]
| Titel: | Kriegserfahrungen. - Paderborn [u.a.] : Schöningh. - 2009 [Rezension] |
|---|---|
| Verfasser: | |
| In: |
Vierteljahrschrift für Sozial- und Wirtschaftsgeschichte, Band 97, Heft 4 (2010), Seite 526 alle Artikel anzeigen |
| Veröffentlicht: | 2010 |
| Format: | Aufsatz |
| Sprache: | Deutsch |
X
alg: 39506756
001A $01999:12-11-16
001B $01999:01-06-17 $t18:19:01.000
001D $01999:12-11-16
001U $0utf8
001X $00
002@ $0Aox
003@ $0395067561
007A $0395067561 $aHEB
007T $0Herdc0083428m
010@ $ager
011@ $a2010
021A $aKriegserfahrungen. - Paderborn {[u.a.] : Schöningh. - 2009 [Rezension]
028A $aKühne $dThomas
031A $d97 $e4 $h526 $j2010
039B $aIn $8--Abvc--. Vierteljahrschrift für Sozial- und Wirtschaftsgeschichte. - Stuttgart : Steiner, 1903-. - ISSN 0042-5699 $x201000000970004474 $9047251867
039T $8--Aau--. Kriegserfahrungen. - Paderborn {[u.a.] : Schöningh, 2009. - 347 S.. - Ill.. - ISBN 978-3-506-76798-1 $9213066548
lok: 39506756 78
exp: 39506756 78 1 #EPN
201B/01 $018-11-16 $t13:38:51.000
201U/01 $0utf8
203@/01 $0791366200
208@/01 $a12-11-16 $be
209A/01 $a/ $f000 $x00
220C/01 $aTitelaufnehmer: pg
220C/01 $aHerkunft: HI Marburg
244Z/01 $2Trx $#arvustused $#recenzijos $#Reviews $#recenziók $#recenzje $#recenzie $#recenze $8--Trx--Rezensionen $x01 $9391357441
247C/01 $82080>Marburg/Lahn, Herder-Institut, Forschungsbibliothek, Bibliographieportal $9336309341
| LEADER | 00000caa a22000002c 4500 | ||
|---|---|---|---|
| 001 | 395067561 | ||
| 003 | DE-603 | ||
| 005 | 20170601181901.0 | ||
| 007 | tu | ||
| 008 | 161112s2010 xx |||| | u00||u|ger c | ||
| 035 | |a (DE-599)HEB395067561 | ||
| 040 | |a DE-603 |b ger |c DE-603 |d DE-603 | ||
| 041 | |a ger | ||
| 100 | 1 | |a Kühne, Thomas | |
| 245 | 0 | 0 | |a Kriegserfahrungen. - Paderborn [u.a.] : Schöningh. - 2009 [Rezension] |
| 264 | 0 | |c 2010 | |
| 773 | 0 | 8 | |i In |t Vierteljahrschrift für Sozial- und Wirtschaftsgeschichte |d Stuttgart : Steiner, 1903- |x 0042-5699 |g Band 97, Heft 4 (2010), Seite 526 |w (DE-603)047251867 |w (DE-600)200400-8 |
| 787 | 0 | 8 | |i Rezension von |t Kriegserfahrungen |d Paderborn [u.a.] : Schöningh, 2009 |h 347 S., Ill. |z 9783506767981 |w (DE-603)213066548 |
| 924 | 0 | |9 2080 |a (DE-603)791366200 |b DE-2080 |c HES |d d |g / | |


